000 00799nam a22002175i 4500
001 152910
003 ES-MaACL
005 20250724063415.0
008 051019s1842 gw | |||||||| ||ger d
100 1 _aByron, George Gordon Byron,
_cBaron,
_d1788-1824
_933026
245 1 4 _aThe works of Lord Byron.
260 _aLeipzig :
_bBernh. Tauchnitz,
_c1842.
300 _a5 v., [5] h. de lám. ;
_c16 cm.
490 1 _aCollection of British authors ;
_v8-12
599 _aEn cada tomo [1] h. de lám., en el T. I., retrato del autor, en el resto personajes femeninos.
700 1 _aTauchnitz, Bernhard.
_9162210
752 _aAlemania -
_dLeipzig
830 1 _aCollection of British authors ;
_v8-12
_9180703
852 _aES-MaACL
_jG-11385-89
_z- Enc. hol.
999 _c152910
_d152910